MARC

LEADER 00000nam0a2200000 4500
001 279266
005 20231101235207.0
020 |a RU  |b 86-24901 
035 |a (RuTPU)RU\TPU\book\302544 
090 |a 279266 
100 |a 20141217d1986 m y0rusy5003 ca 
101 0 |a rus 
102 |a UA 
105 |a a j 001zy 
200 1 |a Пособие машинисту подземных установок  |e учебное пособие для подготовки рабочих кадров  |f П. К. Кучеба, П. А. Сойфер 
210 |a Киев  |c Технiка  |d 1986 
215 |a 143 с.  |c ил.  |d 20 см 
225 1 |a Библиотека рабочего 
320 |a Библиогр.: с. 141 (15 назв.). 
606 1 |a Подземный транспорт, рельсовый  |x Организация работы  |2 stltpush  |3 (RuTPU)RU\TPU\subj\75293  |9 87139 
610 1 |a угольные шахты 
610 1 |a оборудование 
610 1 |a канатная откатка 
610 1 |a шахтные вагонетки 
610 1 |a локомотивы 
610 1 |a погрузочные пункты 
610 1 |a вспомогательное оборудование 
610 1 |a скребковые конвейеры 
610 1 |a ленточные конвейеры 
610 1 |a шахтное водоотливное оборудование 
610 1 |a вентиляционные установки 
610 1 |a охрана труда 
610 1 |a учебные пособия 
675 |a 622.262  |z rus  |v 3 
700 1 |a Кучеба  |b П. К.  |g Петр Карпович  |4 070 
701 1 |a Сойфер  |b П. А.  |g Павел Абрамович  |4 070 
801 0 |a RU  |b RuMRKP  |c 19950704  |g psbo 
801 1 |a RU  |b 63413507  |c 20141217 
801 2 |a RU  |b 63413507  |c 20160401  |g RCR 
942 |c BK